|
|
|
|
| LEADER |
01656nam a2200397 i 4500 |
| 001 |
EBC1346940 |
| 003 |
MiAaPQ |
| 005 |
20200520144314.0 |
| 006 |
m o d | |
| 007 |
cr cnu|||||||| |
| 008 |
140627s2005 gw ob 001 0 ger|d |
| 020 |
|
|
|z 9783486576894
|
| 020 |
|
|
|a 9783486596328 (e-book)
|
| 035 |
|
|
|a (MiAaPQ)EBC1346940
|
| 035 |
|
|
|a (Au-PeEL)EBL1346940
|
| 035 |
|
|
|a (CaPaEBR)ebr10881964
|
| 035 |
|
|
|a (CaONFJC)MIL610812
|
| 035 |
|
|
|a (OCoLC)879550339
|
| 040 |
|
|
|a MiAaPQ
|b eng
|e rda
|e pn
|c MiAaPQ
|d MiAaPQ
|
| 050 |
|
4 |
|a DC389
|b .N47 2005
|
| 100 |
1 |
|
|a Neri-Ultsch, Daniela,
|e author.
|
| 245 |
1 |
0 |
|a Sozialisten und Radicaux - eine schwierige Allianz :
|b Linksbundnisse in der Dritten Franzosischen Republik 1919-1938 /
|c Daniela Neri-Ultsch.
|
| 264 |
|
1 |
|a Munchen :
|b R. Oldenbourg Verlag,
|c 2005.
|
| 300 |
|
|
|a 1 online resource (531 pages).
|
| 336 |
|
|
|a text
|2 rdacontent
|
| 337 |
|
|
|a computer
|2 rdamedia
|
| 338 |
|
|
|a online resource
|2 rdacarrier
|
| 490 |
1 |
|
|a Quellen und Darstellungen zur Zeitgeschichte ;
|v Band 63
|
| 504 |
|
|
|a Includes bibliographical references and index.
|
| 588 |
|
|
|a Description based on online resource; title from PDF title page (ebrary, viewed June 27, 2014).
|
| 590 |
|
|
|a Electronic reproduction. Ann Arbor, MI : ProQuest, 2015. Available via World Wide Web. Access may be limited to ProQuest affiliated libraries.
|
| 651 |
|
0 |
|a France
|x History
|y 20th century.
|
| 655 |
|
4 |
|a Electronic books.
|
| 797 |
2 |
|
|a ProQuest (Firm)
|
| 830 |
|
0 |
|a Quellen und Darstellungen zur Zeitgeschichte ;
|v Bd. 63.
|
| 856 |
4 |
0 |
|u https://ebookcentral.proquest.com/lib/matrademy/detail.action?docID=1346940
|z Click to View
|